Online Catalogue and eLibrary

Language Culture and Nation-Building: (Record no. 1194)

MARC details
000 -LEADER
fixed length control field 00529nam a2200193Ia 4500
005 - DATE AND TIME OF LATEST TRANSACTION
control field 20250324053822.0
008 - FIXED-LENGTH DATA ELEMENTS--GENERAL INFORMATION
fixed length control field 240331s9999 xx 000 0 und d
020 ## - INTERNATIONAL STANDARD BOOK NUMBER
ISBN 8185425418
082 ## - DDC Classification
Class No. 303
Item Number - Author Mark KHU
DDC Edition Number 1007
100 ## - MAIN ENTRY--PERSONAL NAME
Personal name Khubchandani, L. M
245 #0 - TITLE STATEMENT
Title Language Culture and Nation-Building:
Remainder of title Challenges of Modernisation
260 ## - PUBLICATION, DISTRIBUTION, ETC.
Place of publication, distribution, etc. Shimla,
Name of publisher, distributor, etc. Indian Institute of Advanced Study
Date of publication, distribution, etc. 1991
300 ## - PHYSICAL DESCRIPTION
Extent (e.g. Volumes, Pages etc.) xiii, 125 p.,
650 ## - SUBJECT ADDED ENTRY--TOPICAL TERM
Topical term or geographic name entry element Culture
650 ## - SUBJECT ADDED ENTRY--TOPICAL TERM
Topical term or geographic name entry element Language
650 ## - SUBJECT ADDED ENTRY--TOPICAL TERM
Topical term or geographic name entry element Hinduism
650 ## - SUBJECT ADDED ENTRY--TOPICAL TERM
Topical term or geographic name entry element Communication
942 ## - Koha item type (Biblio)
Koha item type Books in Stacks (Lending)
Holdings
Lost status Damaged status Collection code Home library Current library Shelving location Date acquired Full call number Accession Number Item type
    Lending WERC Library WERC Library Social Science Cupboard 03/31/2024 303 KHU 1007 Books in Stacks (Lending)

© WERC Library